[Event "Mittelrhein Regionalliga 18/19"]
[Site "Nordrheinwestfalen"]
[Date "2019.05.05"]
[Round "10.7"]
[White "Braeuer, Karl Heinz"]
[Black "Peltzer, Harald"]
[Result "1/2-1/2"]
[WhiteElo "1949"]
[BlackElo "1863"]
[PlyCount "70"]
[EventDate "2018.10.28"]
[EventType "team-tourn"]
[EventRounds "11"]
[EventCountry "GER"]
[SourceTitle "EXT 2022"]
[Source "ChessBase"]
[SourceDate "2021.10.06"]
[SourceVersion "1"]
[SourceVersionDate "2021.10.06"]
[SourceQuality "1"]
[WhiteTeam "Aachen DJK Aufwärts III"]
[BlackTeam "Wuerselen"]
[WhiteTeamCountry "GER"]
[BlackTeamCountry "GER"]

1. d4 d5 2. Bf4 Nf6 3. e3 e6 4. Nd2 Bd6 5. Bg5 Nbd7 6. f4 c5 7. c3 Qb6 8. Qb3 Ng4 9. Ke2 f6 10. Bh4 Qxb3 11. Nxb3 c4 12. Nd2 e5 13. h3 Nh6 14. fxe5 fxe5 15. g4 e4 16. Ke1 0-0 17. Ne2 Nf7 18. Bg2 g5 19. Bg3 Bxg3+ 20. Nxg3 Nd6 21. Ke2 Nf6 22. Rhf1 Bd7 23. Rf2 Rf7 24. Raf1 Raf8 25. Nb1 h5 26. gxh5 g4 27. hxg4 Bxg4+ 28. Ke1 Nxh5 29. Rxf7 Rxf7 30. Nxh5 Bxh5 31. Bh3 Rxf1+ 32. Kxf1 Kf7 33. Kf2 Kf6 34. Nd2 Bf7 35. Nf1 Be6 1/2-1/2

[Event "Mittelrhein Regionalliga 1718"]
[Site "Nordrheinwestfalen"]
[Date "2018.05.06"]
[Round "9.7"]
[White "Braeuer, Karl Heinz"]
[Black "Dietz, Jonas"]
[Result "1-0"]
[WhiteElo "1961"]
[BlackElo "1885"]
[PlyCount "70"]
[EventDate "2017.09.10"]
[EventType "team-tourn"]
[EventRounds "9"]
[EventCountry "GER"]
[SourceTitle "EXT 2022"]
[Source "ChessBase"]
[SourceDate "2021.10.06"]
[SourceVersion "1"]
[SourceVersionDate "2021.10.06"]
[SourceQuality "1"]
[WhiteTeam "Aachen DJK Aufwärts III"]
[BlackTeam "Wuerselen"]
[WhiteTeamCountry "GER"]
[BlackTeamCountry "GER"]

1. d4 d5 2. Bf4 Nf6 3. e3 e6 4. Nd2 c5 5. c3 Nc6 6. h3 Bd6 7. Bxd6 Qxd6 8. Ngf3 0-0 9. Bb5 a6 10. Bxc6 bxc6 11. 0-0 cxd4 12. exd4 a5 13. Re1 c5 14. b3 cxd4 15. cxd4 Ba6 16. Ne5 Rfc8 17. Ndf3 Rc3 18. Rc1 Rac8 19. Rxc3 Rxc3 20. Ng5 Rc7 21. Qd2 h6 22. Ngxf7 Rxf7 23. Nxf7 Kxf7 24. Qxa5 Ne4 25. Rc1 Kg6 26. Qc7 Qa3 27. f3 Nf6 28. Rc6 Bd3 29. Rxe6 Qxa2 30. Qc3 Bf5 31. Re7 Qa3 32. Qe3 Qa1+ 33. Kh2 Qb2 34. Rb7 Kh7 35. Qe5 Bd3 1-0

[Event "Hofheim Spring op-A 4th"]
[Site "Hofheim"]
[Date "2016.03.30"]
[Round "2"]
[White "Engel, Berthold"]
[Black "Braeuer, Karl Heinz"]
[Result "0-1"]
[WhiteElo "2197"]
[BlackElo "1980"]
[PlyCount "68"]
[EventDate "2016.03.29"]
[EventType "swiss"]
[EventRounds "9"]
[EventCountry "GER"]
[SourceTitle "CBM 171 Extra"]
[Source "ChessBase"]
[SourceDate "2016.04.26"]
[SourceVersion "1"]
[SourceVersionDate "2016.04.26"]
[SourceQuality "1"]

1. e4 e6 2. d3 d5 3. Nd2 Nf6 4. Ngf3 c5 5. g3 Nc6 6. Bg2 Be7 7. 0-0 0-0 8. c3 b6 9. e5 Nd7 10. Qe2 Ba6 11. Re1 Qc7 12. Nf1 Rad8 13. Bf4 Rfe8 14. h4 Nf8 15. h5 h6 16. g4 Nh7 17. Rad1 Rd7 18. Ng3 Rc8 19. Qd2 Qd8 20. Bf1 Bb7 21. a3 Ng5 22. Bg2 Nxf3+ 23. Bxf3 Bg5 24. Kg2 Bxf4 25. Qxf4 Qg5 26. Qxg5 hxg5 27. Nf1 Ne7 28. Nd2 g6 29. Kg3 gxh5 30. gxh5 Kh7 31. Nf1 Nf5+ 32. Kg4 Rg8 33. Ng3 Nh6+ 34. Kh3 g4+ 0-1

[Event "Mittelrhein Regionalliga 15/16"]
[Site "Nordrheinwestfalen"]
[Date "2015.12.13"]
[Round "4.7"]
[White "Braeuer, Karl Heinz"]
[Black "Wolfradt, Dirk"]
[Result "0-1"]
[WhiteElo "1906"]
[BlackElo "2040"]
[PlyCount "70"]
[EventDate "2015.09.27"]
[EventType "team-tourn"]
[EventRounds "9"]
[EventCountry "GER"]
[SourceTitle "EXT 2022"]
[Source "ChessBase"]
[SourceDate "2021.10.06"]
[SourceVersion "1"]
[SourceVersionDate "2021.10.06"]
[SourceQuality "1"]
[WhiteTeam "Aachen DJK Aufwärts III"]
[BlackTeam "Langenfeld"]
[WhiteTeamCountry "GER"]
[BlackTeamCountry "GER"]

1. d4 Nf6 2. Nf3 e6 3. Bf4 d5 4. e3 Bd6 5. Ne5 Nfd7 6. Nd2 Nxe5 7. dxe5 Be7 8. c3 Nd7 9. Bd3 Nf8 10. Bg3 Bd7 11. a4 c5 12. 0-0 Bc6 13. Bb5 Qb6 14. Bxc6+ bxc6 15. b3 Nd7 16. a5 Qc7 17. f4 0-0 18. Qg4 Rab8 19. Bh4 Bxh4 20. Qxh4 Qd8 21. Qg4 Rb5 22. Rf3 Rxa5 23. Raf1 Qe7 24. Rh3 Rb8 25. e4 Ra2 26. Rd1 c4 27. b4 a5 28. exd5 cxd5 29. Nf3 axb4 30. Rxh7 Kxh7 31. Ng5+ Kg8 32. f5 exf5 33. Qxf5 g6 34. Qf4 bxc3 35. e6 fxe6 0-1

[Event "Plzen op 6th"]
[Site "Plzen"]
[Date "2014.11.25"]
[Round "3"]
[White "Ivanov, Mikhail M"]
[Black "Braeuer, Karl Heinz"]
[Result "1-0"]
[WhiteElo "2380"]
[BlackElo "2087"]
[PlyCount "53"]
[EventDate "2014.11.23"]
[EventType "swiss"]
[EventRounds "7"]
[EventCountry "CZE"]
[SourceTitle "CBM 163 Extra"]
[Source "ChessBase"]
[SourceDate "2014.12.23"]
[SourceVersion "1"]
[SourceVersionDate "2014.12.23"]
[SourceQuality "1"]

1. d4 Nf6 2. c4 c6 3. Bf4 Qa5+ 4. Qd2 Qxd2+ 5. Nxd2 d6 6. h3 Nbd7 7. Ngf3 g6 8. e3 Bg7 9. Rc1 0-0 10. Be2 Re8 11. b4 e5 12. Bg3 Nh5 13. Bh2 f5 14. dxe5 dxe5 15. c5 Bf6 16. Nc4 e4 17. Nd4 Ne5 18. Nd6 Re7 19. 0-0 Ng7 20. Rfd1 Ne8 21. b5 cxb5 22. Nxe8 Rxe8 23. Nxb5 Rf8 24. Rd6 Kf7 25. Nc7 Rb8 26. Nd5 Nd7 27. Bb5 1-0

[Event "Plzen op 6th"]
[Site "Plzen"]
[Date "2014.11.23"]
[Round "1"]
[White "Thierry, Rein DJ"]
[Black "Braeuer, Karl Heinz"]
[Result "0-1"]
[WhiteElo "1700"]
[BlackElo "2087"]
[PlyCount "142"]
[EventDate "2014.11.23"]
[EventType "swiss"]
[EventRounds "7"]
[EventCountry "CZE"]
[SourceTitle "CBM 163 Extra"]
[Source "ChessBase"]
[SourceDate "2014.12.23"]
[SourceVersion "1"]
[SourceVersionDate "2014.12.23"]
[SourceQuality "1"]

1. d4 Nf6 2. Nf3 d5 3. Bf4 e6 4. e3 c5 5. c3 Qb6 6. Qc2 Bd7 7. Nbd2 Bc6 8. Bd3 Nbd7 9. Ne5 cxd4 10. Nxd7 Nxd7 11. cxd4 h6 12. 0-0 Be7 13. Rfc1 0-0 14. Nf3 Rac8 15. Qe2 a6 16. Rc2 Ba4 17. b3 Rxc2 18. Qxc2 Bc6 19. Ne5 Nxe5 20. Bxe5 Qd8 21. Bxa6 Ba3 22. Bd3 Qe7 23. Qe2 f6 24. Bg3 e5 25. Bf5 Be8 26. Qc2 Bc6 27. Qd1 Ra8 28. Rb1 e4 29. Qg4 Be8 30. Be6+ Bf7 31. Bxf7+ Qxf7 32. Qe2 Qd7 33. f3 exf3 34. gxf3 Qc6 35. e4 Qc3 36. exd5 Qxd4+ 37. Bf2 Qxd5 38. Qc4 Qxc4 39. bxc4 Bd6 40. Rb2 Be5 41. Rc2 Kf7 42. Bg3 Ke6 43. f4 Bb8 44. Rb2 g5 45. fxg5 Bxg3 46. hxg3 hxg5 47. g4 Ra4 48. Rb6+ Ke5 49. Rxb7 Rxc4 50. Rb5+ Ke6 51. Rb6+ Kf7 52. Ra6 Rxg4+ 53. Kf2 Rb4 54. a4 Kg6 55. a5 g4 56. Ra8 Kg5 57. a6 Kf4 58. a7 Rb2+ 59. Ke1 Ra2 60. Rf8 Rxa7 61. Rxf6+ Kg3 62. Rg6 Rf7 63. Ra6 Kh3 64. Rh6+ Kg2 65. Re6 Rf1+ 66. Ke2 Ra1 67. Rf6 Ra8 68. Re6 g3 69. Ke1 Rh8 70. Re7 Kh1 71. Rg7 g2 0-1

[Event "Mittelrhein Regionalliga 1415"]
[Site "Mittelrhein"]
[Date "2014.10.19"]
[Round "2.7"]
[White "Braeuer, Karl Heinz"]
[Black "Cramer, Volker"]
[Result "0-1"]
[WhiteElo "1959"]
[BlackElo "2039"]
[PlyCount "84"]
[EventDate "2014.09.28"]
[EventType "team-tourn"]
[EventRounds "9"]
[EventCountry "GER"]
[SourceTitle "EXT 2023"]
[Source "ChessBase"]
[SourceDate "2022.10.05"]
[SourceVersion "1"]
[SourceVersionDate "2022.10.05"]
[SourceQuality "1"]
[WhiteTeam "Aachen DJK Aufwaerts III"]
[BlackTeam "Koeln Lasker"]
[WhiteTeamCountry "GER"]
[BlackTeamCountry "GER"]

1. d4 f5 2. g3 Nf6 3. Bg2 g6 4. c4 Bg7 5. Nc3 0-0 6. Nf3 d6 7. 0-0 Nc6 8. Bg5 Ne4 9. Be3 e5 10. d5 Nxc3 11. bxc3 Na5 12. Qa4 b6 13. c5 h6 14. c6 Ba6 15. Rfe1 g5 16. Rad1 Qe8 17. Bc1 Qh5 18. e3 Rf7 19. Qc2 Raf8 20. h3 Bc8 21. Nh2 e4 22. c4 Be5 23. Bd2 Rg7 24. Bxa5 bxa5 25. Qe2 Qf7 26. Rf1 h5 27. f3 exf3 28. Nxf3 Bxg3 29. Nd4 g4 30. Kh1 Qe7 31. Qd3 gxh3 32. Bf3 Kh8 33. Bxh5 Qg5 34. Bf3 h2 35. Ne6 Bxe6 36. dxe6 Rf6 37. Bd5 Be5 38. Qe2 Rfg6 39. Qf2 Qg4 40. Rb1 Qh3 41. Qf3 Rg1+ 42. Rxg1 hxg1Q# 0-1

[Event "Karl Mala Memorial op-A 17th"]
[Site "Frankfurt"]
[Date "2014.08.03"]
[Round "7"]
[White "Winterholler, Christina"]
[Black "Braeuer, Karl Heinz"]
[Result "1/2-1/2"]
[WhiteElo "1948"]
[BlackElo "2102"]
[PlyCount "87"]
[EventDate "2014.07.31"]
[EventType "swiss"]
[EventRounds "7"]
[EventCountry "GER"]
[SourceTitle "EXT 2015"]
[Source "ChessBase"]
[SourceDate "2014.11.20"]
[SourceVersion "1"]
[SourceVersionDate "2014.11.20"]
[SourceQuality "1"]

1. e4 c5 2. Nf3 d6 3. Bb5+ Nd7 4. d4 cxd4 5. Qxd4 a6 6. Ba4 e6 7. Nc3 b5 8. Bb3 Nc5 9. 0-0 Rb8 10. Rd1 Bb7 11. Bf4 Nxb3 12. axb3 Rc8 13. Bxd6 Bxd6 14. Qxd6 Qxd6 15. Rxd6 Nf6 16. Rd4 0-0 17. Rad1 h6 18. b4 Rc7 19. Ne5 g6 20. f3 Kg7 21. R1d2 Rfc8 22. Kf2 g5 23. Ke1 Bc6 24. Nd1 Be8 25. c3 Ra8 26. Nf2 a5 27. bxa5 Rxa5 28. Nfd3 Ra1+ 29. Kf2 h5 30. Nb4 Rb1 31. Rd8 h4 32. Ng4 Nxg4+ 33. fxg4 Bc6 34. Nxc6 Rxc6 35. Rb8 Rc5 36. Rb7 Kf6 37. Ke3 Ke5 38. Rxf7 Re1+ 39. Kf2 Rxe4 40. Re2 Rxe2+ 41. Kxe2 b4 42. Kd3 bxc3 43. bxc3 Rd5+ 44. Ke3 1/2-1/2

[Event "Karl Mala Memorial op-A 17th"]
[Site "Frankfurt"]
[Date "2014.08.01"]
[Round "2"]
[White "Braeuer, Karl Heinz"]
[Black "Korneev, Oleg"]
[Result "0-1"]
[WhiteElo "2102"]
[BlackElo "2594"]
[PlyCount "82"]
[EventDate "2014.07.31"]
[EventType "swiss"]
[EventRounds "7"]
[EventCountry "GER"]
[SourceTitle "EXT 2015"]
[Source "ChessBase"]
[SourceDate "2014.11.20"]
[SourceVersion "1"]
[SourceVersionDate "2014.11.20"]
[SourceQuality "1"]

1. d4 d5 2. Nf3 Nf6 3. Bf4 c5 4. c3 Nc6 5. e3 Qb6 6. Qb3 c4 7. Qc2 Bf5 8. Qc1 e6 9. Nbd2 Be7 10. Nh4 Be4 11. Nhf3 Bg6 12. Be2 0-0 13. Ne5 Nxe5 14. Bxe5 Qc6 15. 0-0 b5 16. Bf3 a5 17. Re1 b4 18. Qd1 bxc3 19. bxc3 Ba3 20. Bxf6 gxf6 21. e4 Bb2 22. Qc2 Bxa1 23. Rxa1 a4 24. h4 h6 25. Rb1 Rab8 26. a3 Rxb1+ 27. Qxb1 Qd6 28. h5 Bh7 29. Qc1 Rb8 30. g3 Kg7 31. Bd1 Bxe4 32. Nxe4 dxe4 33. Bxa4 Ra8 34. Qd1 f5 35. Kg2 Qa6 36. Bc2 Qxa3 37. d5 Qxc3 38. Bxe4 fxe4 39. Qg4+ Kf8 40. Qxe4 Qd3 41. Qf4 Qxd5+ 0-1

[Event "Karl Mala Memorial op-A 17th"]
[Site "Frankfurt"]
[Date "2014.07.31"]
[Round "1"]
[White "Sanati, Charlotte"]
[Black "Braeuer, Karl Heinz"]
[Result "0-1"]
[WhiteElo "1750"]
[BlackElo "2102"]
[PlyCount "72"]
[EventDate "2014.07.31"]
[EventType "swiss"]
[EventRounds "7"]
[EventCountry "GER"]
[SourceTitle "EXT 2015"]
[Source "ChessBase"]
[SourceDate "2014.11.20"]
[SourceVersion "1"]
[SourceVersionDate "2014.11.20"]
[SourceQuality "1"]

1. e4 c5 2. Nf3 d6 3. d4 cxd4 4. Nxd4 Nf6 5. Nc3 a6 6. Bc4 e6 7. Bb3 Qc7 8. 0-0 Nc6 9. Be3 Be7 10. Qf3 Bd7 11. a4 0-0 12. Qg3 Nxd4 13. Bxd4 Rac8 14. e5 Nh5 15. Qe3 dxe5 16. Bxe5 Qa5 17. Rad1 Bc6 18. Bd4 Qf5 19. Qe5 Qg6 20. f3 Bf6 21. Qe3 Bg5 22. Qd3 Qh6 23. g3 Rcd8 24. Qc4 Be3+ 25. Kg2 Nf6 26. Bxe3 Qxe3 27. Qe2 Ng4 28. Qe1 Qh6 29. h3 Ne3+ 30. Kh2 Nxf1+ 31. Qxf1 Rd2+ 32. Rxd2 Qxd2+ 33. Kg1 Qe3+ 34. Kg2 Rd8 35. Nb1 h5 36. h4 g6 0-1

[Event "Dortmund Sparkassen op-A"]
[Site "Dortmund"]
[Date "2012.07.19"]
[Round "6"]
[White "Braeuer, Karl Heinz"]
[Black "Schulze, Torben"]
[Result "0-1"]
[WhiteElo "2202"]
[BlackElo "2309"]
[PlyCount "46"]
[EventDate "2012.07.14"]
[EventType "swiss"]
[EventRounds "9"]
[EventCountry "GER"]
[SourceTitle "CBM 149 Extra"]
[Source "ChessBase"]
[SourceDate "2012.08.24"]
[SourceVersion "1"]
[SourceVersionDate "2012.08.24"]
[SourceQuality "1"]

1. d4 d5 2. Nf3 Nf6 3. Bf4 c5 4. c3 Nc6 5. e3 Qb6 6. Qb3 c4 7. Qc2 Bf5 8. Qxf5 Qxb2 9. Be2 e6 10. Qg5 Qxa1 11. 0-0 Ne4 12. Qg4 Qxa2 13. Ng5 Nf6 14. Qf3 h6 15. Nh3 Be7 16. g4 g5 17. Be5 Nxe5 18. dxe5 Ne4 19. Rd1 a5 20. Kf1 a4 21. Qg2 a3 22. f3 Qb2 23. Nxa3 Nxc3 0-1

[Event "Dortmund Sparkassen op-A"]
[Site "Dortmund"]
[Date "2012.07.17"]
[Round "4"]
[White "Braeuer, Karl Heinz"]
[Black "Joppien, Arne"]
[Result "1-0"]
[WhiteElo "2202"]
[BlackElo "2079"]
[PlyCount "117"]
[EventDate "2012.07.14"]
[EventType "swiss"]
[EventRounds "9"]
[EventCountry "GER"]
[SourceTitle "CBM 149 Extra"]
[Source "ChessBase"]
[SourceDate "2012.08.24"]
[SourceVersion "1"]
[SourceVersionDate "2012.08.24"]
[SourceQuality "1"]

1. d4 Nf6 2. Nf3 e6 3. Bf4 b6 4. e3 Bb7 5. Nbd2 d6 6. c3 Be7 7. h3 Nbd7 8. a4 a5 9. Bb5 0-0 10. 0-0 c6 11. Be2 Qc7 12. Nc4 Ba6 13. Re1 Bxc4 14. Bxc4 e5 15. dxe5 Nxe5 16. Be2 Rad8 17. Qc2 Rfe8 18. Red1 Nd5 19. Bg3 Ng6 20. Bc4 Nf6 21. Qb3 Bf8 22. Ng5 Nh8 23. Bh2 h6 24. Nf3 Ng6 25. Nd4 Ne5 26. Be2 g6 27. Nf3 Nxf3+ 28. Bxf3 Ne4 29. Qc4 Qb7 30. Bxe4 d5 31. Bxd5 cxd5 32. Qb3 Bc5 33. Rd3 Re4 34. Rad1 Rc4 35. Qxc4 dxc4 36. Rxd8+ Kh7 37. Be5 g5 38. R1d5 Bf8 39. R8d7 Qc6 40. Rxf7+ Kg8 41. Rfd7 Qxa4 42. Rd8 Kf7 43. Bd4 Be7 44. Rf5+ Ke6 45. Rdd5 Qa1+ 46. Kh2 Bd6+ 47. g3 Qxb2 48. e4 Bc7 49. Rf6+ Ke7 50. Rxh6 a4 51. Rh7+ Ke6 52. Rxc7 a3 53. Rc6+ Ke7 54. Rxb6 Qc2 55. Ra5 Kd7 56. Ra7+ Kc8 57. Rxa3 Qxe4 58. Ra7 g4 59. Rh6 1-0

[Event "Mittelrhein Verbandsliga-M 1112"]
[Site "Germany"]
[Date "2012.04.15"]
[Round "9.5"]
[White "Peters, Danuta"]
[Black "Braeuer, Karl Heinz"]
[Result "0-1"]
[WhiteElo "1875"]
[BlackElo "1940"]
[PlyCount "56"]
[EventDate "2011.09.18"]
[EventType "team-tourn"]
[EventRounds "11"]
[EventCountry "GER"]
[SourceTitle "EXT 2013"]
[Source "ChessBase"]
[SourceDate "2012.11.22"]
[SourceVersion "1"]
[SourceVersionDate "2012.11.22"]
[SourceQuality "1"]
[WhiteTeam "Koeln Ford SF II"]
[BlackTeam "Aachen Aufwaerts III"]
[WhiteTeamCountry "GER"]
[BlackTeamCountry "GER"]

1. d4 Nf6 2. c4 e6 3. Nf3 Bb4+ 4. Bd2 Be7 5. Nc3 d5 6. Bg5 c6 7. e3 Nbd7 8. Be2 Qa5 9. Bxf6 Nxf6 10. 0-0 0-0 11. Qc2 Rd8 12. a3 Bd7 13. b4 Qc7 14. c5 Be8 15. Ne5 Nd7 16. f4 Nf8 17. Bd3 f6 18. Nf3 Bh5 19. f5 e5 20. Be2 Bf7 21. Nh4 Rd7 22. Bg4 Re8 23. Qf2 Bd8 24. Rae1 Ree7 25. Qg3 exd4 26. Qxc7 Bxc7 27. Ne2 Rxe3 28. g3 d3 0-1

[Event "Mittelrhein Verbandsliga-M 1112"]
[Site "Germany"]
[Date "2012.02.05"]
[Round "6.4"]
[White "Pragua, Christoph P"]
[Black "Braeuer, Karl Heinz"]
[Result "1/2-1/2"]
[WhiteElo "2054"]
[BlackElo "1940"]
[PlyCount "51"]
[EventDate "2011.09.18"]
[EventType "team-tourn"]
[EventRounds "11"]
[EventCountry "GER"]
[SourceTitle "EXT 2013"]
[Source "ChessBase"]
[SourceDate "2012.11.22"]
[SourceVersion "1"]
[SourceVersionDate "2012.11.22"]
[SourceQuality "1"]
[WhiteTeam "Koeln SF II"]
[BlackTeam "Aachen Aufwaerts III"]
[WhiteTeamCountry "GER"]
[BlackTeamCountry "GER"]

1. d4 Nf6 2. Nf3 b6 3. c4 Bb7 4. Nc3 e6 5. a3 Be7 6. Qc2 d5 7. cxd5 Nxd5 8. Nxd5 exd5 9. Bf4 Bd6 10. Bxd6 Qxd6 11. Rc1 c6 12. e3 Nd7 13. Bd3 h6 14. 0-0 0-0 15. b4 a5 16. Qb3 axb4 17. axb4 b5 18. Ra1 Nb6 19. Ne5 Rfb8 20. Bc2 Nc4 21. Qc3 Re8 22. Rxa8 Rxa8 23. f4 Na3 24. Bb3 Nc4 25. Bc2 Na3 26. Bb3 1/2-1/2

[Event "Mittelrhein Verbandsliga-M 1112"]
[Site "Germany"]
[Date "2012.01.15"]
[Round "5.6"]
[White "Bosbach, Jens"]
[Black "Braeuer, Karl Heinz"]
[Result "1/2-1/2"]
[WhiteElo "1769"]
[BlackElo "1940"]
[PlyCount "53"]
[EventDate "2011.09.18"]
[EventType "team-tourn"]
[EventRounds "11"]
[EventCountry "GER"]
[SourceTitle "EXT 2013"]
[Source "ChessBase"]
[SourceDate "2012.11.22"]
[SourceVersion "1"]
[SourceVersionDate "2012.11.22"]
[SourceQuality "1"]
[WhiteTeam "Langenfeld III"]
[BlackTeam "Aachen Aufwaerts III"]
[WhiteTeamCountry "GER"]
[BlackTeamCountry "GER"]

1. d4 Nf6 2. Nf3 g6 3. c4 Bg7 4. Nc3 e6 5. e4 d6 6. Be2 Nc6 7. 0-0 h6 8. Rb1 a5 9. a3 0-0 10. b4 axb4 11. axb4 Qe7 12. d5 exd5 13. exd5 Ne5 14. Nxe5 Qxe5 15. Rb3 Ra1 16. Nb1 Ra2 17. Re3 Qf5 18. Bd3 Qg4 19. Be2 Qd7 20. Nc3 Ra8 21. Re1 Re8 22. Bf3 Rxe3 23. Bxe3 Qd8 24. Qd2 Kh7 25. Bd4 Nd7 26. Bxg7 Kxg7 27. Qd4+ 1/2-1/2

[Event "Mittelrhein Verbandsliga-M 1112"]
[Site "Germany"]
[Date "2011.12.11"]
[Round "4.5"]
[White "Kamphausen, Johannes Dieter"]
[Black "Braeuer, Karl Heinz"]
[Result "0-1"]
[WhiteElo "1790"]
[BlackElo "1940"]
[PlyCount "72"]
[EventDate "2011.09.18"]
[EventType "team-tourn"]
[EventRounds "11"]
[EventCountry "GER"]
[SourceTitle "EXT 2013"]
[Source "ChessBase"]
[SourceDate "2012.11.22"]
[SourceVersion "1"]
[SourceVersionDate "2012.11.22"]
[SourceQuality "1"]
[WhiteTeam "Hitdorf SV Springer"]
[BlackTeam "Aachen Aufwaerts III"]
[WhiteTeamCountry "GER"]
[BlackTeamCountry "GER"]

1. e4 c5 2. Nc3 a6 3. Nf3 Nc6 4. d4 cxd4 5. Nxd4 d6 6. Be2 e5 7. Nb3 Be6 8. 0-0 Nf6 9. f4 Qb6+ 10. Kh1 h5 11. f5 Bxb3 12. axb3 h4 13. Bg5 h3 14. g3 Ne7 15. Bxf6 gxf6 16. Bc4 Rd8 17. Rf3 Bh6 18. Nd5 Nxd5 19. Qxd5 Rd7 20. Qd3 Rc7 21. g4 Bf4 22. Rxh3 Rxh3 23. Qxh3 Rxc4 24. bxc4 Qxb2 25. Qa3 Qd4 26. Rf1 Qxe4+ 27. Qf3 Qxc2 28. Rf2 Qxc4 29. Qe2 b5 30. Kg2 d5 31. h4 Kf8 32. Qc2 b4 33. Kf3 Qd4 34. Re2 Bh6 35. Kg3 Qg1+ 36. Kh3 e4 0-1

[Event "Mittelrhein Verbandsliga-M 1112"]
[Site "Germany"]
[Date "2011.11.13"]
[Round "3.6"]
[White "Henseler, Klaus"]
[Black "Braeuer, Karl Heinz"]
[Result "0-1"]
[WhiteElo "1909"]
[BlackElo "1940"]
[PlyCount "132"]
[EventDate "2011.09.18"]
[EventType "team-tourn"]
[EventRounds "11"]
[EventCountry "GER"]
[SourceTitle "EXT 2013"]
[Source "ChessBase"]
[SourceDate "2012.11.22"]
[SourceVersion "1"]
[SourceVersionDate "2012.11.22"]
[SourceQuality "1"]
[WhiteTeam "Bayer Leverkusen"]
[BlackTeam "Aachen Aufwaerts III"]
[WhiteTeamCountry "GER"]
[BlackTeamCountry "GER"]

1. c4 c5 2. g3 Nf6 3. Bg2 a6 4. Nc3 Qc7 5. Nf3 e6 6. 0-0 d6 7. b3 Be7 8. d4 cxd4 9. Nxd4 Bd7 10. Bb2 Nc6 11. Rc1 Rd8 12. Nd5 Qb8 13. Nxe7 Nxe7 14. e4 h5 15. Qd2 Rh6 16. h4 Kf8 17. Ne2 e5 18. Nc3 Be6 19. Nd5 Nexd5 20. cxd5 Bd7 21. Qb4 Kg8 22. Qb6 Ne8 23. Kh2 f5 24. exf5 Bxf5 25. Rc3 Rc8 26. Rfc1 Rxc3 27. Rxc3 Rf6 28. Bc1 Rf7 29. Ba3 Rd7 30. Bb4 Qd8 31. Qe3 a5 32. Ba3 Nf6 33. Kg1 b5 34. Rc6 b4 35. Bc1 Qb8 36. Qe2 Ra7 37. Be3 Ra8 38. Bg5 Bd7 39. Rc1 Ng4 40. Be4 Qe8 41. Qd3 Qf8 42. f3 Nf6 43. Bg6 Be8 44. Bf5 Bf7 45. Be4 Rc8 46. Rc4 Rxc4 47. Qxc4 Qd8 48. Kf2 Be8 49. Be3 Qd7 50. Kg2 Qb7 51. Bf5 Kf8 52. Be6 Bb5 53. Qc2 Nxd5 54. Bg5 Nf6 55. Bxf6 gxf6 56. Qg6 Qg7 57. Qxh5 Ke7 58. Bd5 Bd7 59. g4 f5 60. g5 Be8 61. Qh6 Qxh6 62. gxh6 Kf6 63. Bg8 Kg6 64. Be6 f4 65. Kf2 Kxh6 66. Bg4 Bg6 0-1

[Event "Mittelrhein Verbandsliga-M 1112"]
[Site "Germany"]
[Date "2011.10.09"]
[Round "2.7"]
[White "Kaimer, Werner"]
[Black "Braeuer, Karl Heinz"]
[Result "1/2-1/2"]
[WhiteElo "1873"]
[BlackElo "1940"]
[PlyCount "68"]
[EventDate "2011.09.18"]
[EventType "team-tourn"]
[EventRounds "11"]
[EventCountry "GER"]
[SourceTitle "EXT 2013"]
[Source "ChessBase"]
[SourceDate "2012.11.22"]
[SourceVersion "1"]
[SourceVersionDate "2012.11.22"]
[SourceQuality "1"]
[WhiteTeam "Koeln Lasker II"]
[BlackTeam "Aachen Aufwaerts III"]
[WhiteTeamCountry "GER"]
[BlackTeamCountry "GER"]

1. e4 c5 2. c3 d6 3. d4 cxd4 4. cxd4 Nf6 5. f3 a6 6. Bc4 e6 7. Ne2 Be7 8. 0-0 0-0 9. a4 Nc6 10. Nbc3 Bd7 11. Be3 Rc8 12. Ba2 Nb4 13. Bb3 Qc7 14. Qd2 a5 15. Rfc1 Qb8 16. Nb5 b6 17. Nec3 Rfd8 18. g4 Be8 19. d5 e5 20. Na2 Nxa2 21. Bxa2 Nd7 22. Rxc8 Rxc8 23. Rc1 Rxc1+ 24. Qxc1 Nc5 25. Bxc5 bxc5 26. Bc4 h6 27. Qc3 Qd8 28. b3 Bg5 29. Na7 Bf4 30. Qe1 Qb6 31. Nc6 Bxc6 32. dxc6 Bg5 33. Kg2 Bd8 34. Bd5 Kf8 1/2-1/2

[Event "Pablo Gorbea Memorial 6th"]
[Site "Madrid"]
[Date "2002.09.17"]
[Round "2"]
[White "Martinez Martin, David"]
[Black "Braeuer, Karl Heinz"]
[Result "1-0"]
[WhiteElo "2348"]
[BlackElo "2054"]
[PlyCount "99"]
[EventDate "2002.09.16"]
[EventType "swiss"]
[EventRounds "9"]
[EventCountry "ESP"]
[SourceTitle "CBM 090 Extra"]
[Source "ChessBase"]
[SourceDate "2002.11.07"]
[SourceVersion "1"]
[SourceVersionDate "2002.11.07"]
[SourceQuality "1"]

1. d4 d5 2. c4 c6 3. Nc3 Nf6 4. Nf3 a6 5. g3 g6 6. Bg2 Bg7 7. Ne5 0-0 8. 0-0 dxc4 9. Nxc4 Nbd7 10. a4 Nb6 11. Nxb6 Qxb6 12. a5 Qd8 13. e4 Ng4 14. h3 Nf6 15. Be3 Be6 16. d5 Bd7 17. Qb3 cxd5 18. exd5 Qc8 19. Kh2 Ne8 20. Rac1 Nd6 21. Ne4 Qb8 22. Bf4 Bb5 23. Rfe1 Qd8 24. Nxd6 exd6 25. Qb4 Re8 26. Rxe8+ Qxe8 27. Re1 Qd8 28. Bxd6 Qf6 29. Bf4 Rc8 30. d6 Bf8 31. Rd1 Rd8 32. h4 h6 33. Rd4 Bg7 34. Rd2 g5 35. hxg5 hxg5 36. Be3 Qh6+ 37. Kg1 Rd7 38. Bc5 Bf8 39. Qd4 f6 40. Bd5+ Kh8 41. Be4 Kg7 42. Bf5 Qh5 43. Bxd7 Bxd7 44. Qe4 Bc6 45. Qxc6 bxc6 46. d7 Bxc5 47. d8Q Qf3 48. Qd7+ Kh6 49. Qh3+ Kg7 50. Qg2 1-0

[Event "Bad Wildbad op"]
[Site "Bad Wildbad"]
[Date "2002.03.26"]
[Round "6"]
[White "Braeuer, Karl Heinz"]
[Black "Walkewitz, Hubert"]
[Result "1-0"]
[WhiteElo "2068"]
[BlackElo "2248"]
[PlyCount "79"]
[EventDate "2002.03.22"]
[EventType "swiss"]
[EventRounds "9"]
[EventCountry "GER"]
[SourceTitle "EXT 2003"]
[Source "ChessBase"]
[SourceDate "2002.11.25"]
[SourceVersion "1"]
[SourceVersionDate "2002.11.25"]
[SourceQuality "1"]

1. d4 f5 2. g3 Nf6 3. Bg2 g6 4. Nf3 Bg7 5. Bf4 d6 6. c3 c6 7. 0-0 0-0 8. Qb3+ e6 9. Nbd2 Kh8 10. Nc4 Ne4 11. h4 b5 12. Ncd2 h6 13. Nxe4 fxe4 14. Nh2 d5 15. a4 bxa4 16. Rxa4 Ba6 17. Qc2 Bb5 18. Ra2 Nd7 19. Rfa1 Qb6 20. b3 c5 21. e3 Bd3 22. Qd2 e5 23. dxe5 Nxe5 24. Bxe5 Bxe5 25. Bf1 Bxf1 26. Qxd5 Bxc3 27. Rxf1 Rae8 28. Qc4 Bf6 29. Ra6 Qb4 30. Qd5 Rd8 31. Rd6 Rxd6 32. Qxd6 Bg7 33. Qxg6 Qxb3 34. Ng4 c4 35. Qe6 Rb8 36. Nxh6 Bxh6 37. Qxh6+ Kg8 38. Qg6+ Kh8 39. Qh5+ Kg8 40. Rd1 1-0